| Tag |
First Indicator |
Second Indicator |
Subfields |
| LEADER |
00000cam a2200000 a 4500 |
| 001 |
in00002348708 |
| 005 |
20151108061918.0 |
| 008 |
061212s2006 cau d 000 0 spa |
| 010 |
|
|
|a 2006908258
|
| 020 |
|
|
|a 9780976080121 (pbk.)
|
| 020 |
|
|
|a 0976080125 (pbk.)
|
| 035 |
|
|
|a (OCoLC)ocm77117724
|
| 035 |
|
|
|a (OCoLC)77117724
|
| 040 |
|
|
|a DLC
|c DLC
|d TXA
|d UtOrBLW
|
| 041 |
0 |
|
|a eng
|a spa
|
| 043 |
|
|
|a n-mx---
|
| 049 |
|
|
|a TXAM
|
| 050 |
0 |
0 |
|a PC4832
|b .M26 2006
|
| 100 |
1 |
|
|a McKenna, Dennis.
|
| 245 |
1 |
0 |
|a Dictionary of mexicanismos :
|b slang, colloquialisms and expressions used in Mexico /
|c Dennis McKenna.
|
| 246 |
3 |
0 |
|a Mexicanismos
|
| 250 |
|
|
|a 2nd ed. rev. and enlarged.
|
| 264 |
|
1 |
|a Pasadena, CA :
|b Adelfa Books,
|c 2006.
|
| 300 |
|
|
|a 288 pages ;
|c 22 cm.
|
| 336 |
|
|
|a text
|b txt
|2 rdacontent
|
| 337 |
|
|
|a unmediated
|b n
|2 rdamedia
|
| 338 |
|
|
|a volume
|b nc
|2 rdacarrier
|
| 650 |
|
0 |
|a Spanish language
|x Provincialisms
|z Mexico
|v Dictionaries
|x English.
|
| 650 |
|
0 |
|a Spanish language
|z Mexico
|x Slang
|v Dictionaries
|x English.
|
| 650 |
|
0 |
|a Spanish language
|x Idioms
|v Dictionaries
|x English.
|
| 948 |
|
|
|a cataloged
|b h
|c 2008/1/2
|d c
|e vilik
|f 1:46:10 pm
|
| 994 |
|
|
|a C0
|b TXA
|
| 999 |
|
|
|a MARS
|
| 999 |
f |
f |
|s b5f18425-c2cc-3432-8779-3ebbe179fd74
|i 69062b55-1520-3365-8798-0fd625c9f2d4
|t 0
|
| 952 |
f |
f |
|p normal
|a Texas A&M University
|b College Station
|c Sterling C. Evans Library
|d Evans: Library Stacks
|t 0
|e PC4832 .M26 2006
|h Library of Congress classification
|i unmediated -- volume
|m A14836491595
|
| 998 |
f |
f |
|a PC4832 .M26 2006
|t 0
|l Evans: Library Stacks
|